000 00451nam a22001697a 4500
999 _c164153
_d164153
005 20190513120053.0
010 _aB-088302
020 _a8126015632
_c60.00
035 _aB-088302
037 _bSahitya Akademi
082 _a881
100 _aSivarudrappa, G.S.
245 _aBetween you and me /
_cG.S. Sivarudrappa.
260 _aNew Delhi
_bSahitya Akademi
_c2003
300 _a110p
_c21cm (hbk)
942 _2ddc
_cEN
_h881
_mSIV